00719nam a22001937a 4500003000200000005001700002008004100019050002100060100001700081245012600098260007100224300002800295500003600323504005800359650002500417650003000442650002600472650002700498020250217162844.0250217b xxu||||| |||| 00| 0 eng d aG 155b.D59 2023 aDizon, James aThe influence of social media platforms on the choice of travel destination for millenials and baby boomerscJames Dizon  aLas Pinas CitybSouthville International School and Collegesc2023 ax, 127 pages ; c28cm.  aBachelor of Science in Tourism. aIncludes bibliographical references and appendices.  aTourism—Marketing. aSocial media—Influence. aMillennials—Travel. aBaby-boomers—Travel.